Statistiques concernant Peux-tu nommer tous les joueurs de Super League 21/22 ?

Cliquez ici pour prendre le quiz!

Statistiques générales

  • Ce quiz a été pris 39 fois
  • Le résultat moyen est 82 sur 313

Statistiques - réponses

ClubNationalitéRéponse% Correct
LuganoFrance / SénégalDemba Ba
73%
ServetteSuisseJeremy Frick
63%
ServetteSuisseKastriot Imeri
63%
ServetteSuisseSteve Rouiller
60%
ZürichSuisseBecir Omeragic
57%
ServetteSuisseEdin Omeragic
57%
ServetteFranceGaël Clichy
57%
LausanneSuisseZeki Amdouni
57%
YBSuisseChristian Fassnacht
53%
BâleSuisseFabian Frei
53%
GCChineLei Li
53%
ServetteBosnieMiroslav Stevanovic
53%
ServetteFranceTimothé Cognat
53%
ServetteFranceYoan Severin
53%
ServetteSuisseAnthony Sauthier
50%
ServetteBolivieBoris Cespedes
50%
ServetteCôte d'IvoireChris Bedia
50%
LausannePortugalElton Monteiro
50%
ServetteFranceGrejohn Kyei
50%
SionFranceGuillaume Hoarau
50%
BâleAutricheHeinz Lindner
50%
YBPortugalJoel Monteiro
50%
ServetteFranceVincent Sasso
50%
BâleBrésilArthur Cabral
47%
SionSénégalBirama Ndoye
47%
BâleSuisseDan Ndoye
47%
YBSuisseDavid von Ballmoos
47%
St-GallPortugalEuclides Cabral
47%
YBEtats-UnisJordan Siebatcheu
47%
LausanneCôte d'IvoireLamine Koné
47%
YBGuinéeMohamed Camara
47%
ServetteAutricheMoritz Bauer
47%
LausanneFranceMory Diaw
47%
ServetteFranceMoussa Diallo
47%
ServetteFranceRonny Rodelin
47%
ServetteSuisseSidiki Camara
47%
BâleAlbanieTaulant Xhaka
47%
BâleSuisseValentin Stocker
47%
ZürichItalieWilfried Gnonto
47%
SionSuisseAnto Grgic
43%
ZürichSuisseAntonio Marchesano
43%
ZürichGambieAssan Ceesay
43%
ServetteFranceDavid Douline
43%
YBSuisseFabian Lustenberger
43%
SionSuisseKevin Fickentscher
43%
LuganoSuisseMattia Bottani
43%
ServetteSuisseValton Behrami
43%
ServetteSuisseAlexis Antunes
40%
St-GallSuisseBastien Toma
40%
SionGuadeloupeDimitri Cavaré
40%
SionSuisseGaetan Karlen
40%
St-GallSuisseJérémy Guillemenot
40%
SionSuisseKevin Bua
40%
St-GallSuisseLeonidas Stergiou
40%
BâleCanadaLiam Millar
40%
YBSuisseMichel Aebischer
40%
LuganoSuisseNuma Lavanchy
40%
SionLettonieRoberts Uldrikis
40%
ServetteFranceTheo Valls
40%
BâleHongrieAdam Szalai
37%
ServettePays-BasAlex Schalk
37%
LuganoSuisseAmir Saipi
37%
BâleFranceAndy Pelmard
37%
ZürichSuisseBlerim Dzemaili
37%
YBLuxembourgChristopher Martins Pereira
37%
ServetteSuisseDimitri Oberlin
37%
GCSuisseDominik Schmid
37%
YBSuisseFabian Rieder
37%
LausanneFranceHicham Mahou
37%
LucerneAllemagneMarius Müller
37%
BâleSuisseMichael Lang
37%
ServetteSuisseNicolas Vouilloz
37%
BâleSuissePajtim Kasami
37%
BâleItalieSebastiano Esposito
37%
SionSuisseTimothy Fayulu
37%
BâlePays-BasWouter Burger
37%
ZürichSuisseYanick Brecher
37%
St-GallSuisseAlexandre Jankewitz
33%
LausanneSuisseAlvyn Sanches
33%
LausanneSuisseAnel Husic
33%
LucerneSuisseArdon Jashari
33%
LausanneCôte d'IvoireArmel Zohouri
33%
YBSuisseCedric Zesiger
33%
St-GallSuisseChristophe Lungoyi
33%
BâleKosovoEdon Zhegrova
33%
BâleRussieFedor Chalov
33%
SionBrésilItaitinga
33%
SionSuisseJan Bamert
33%
SionFranceJean Ruiz
33%
St-GallGhanaLawrence Ati
33%
LucerneSuisseMarco Burch
33%
BâleArgentineMatias Palacios
33%
LausanneCosta RicaMayron George
33%
YBSuisseQuentin Maceiras
33%
LuganoSuisseReto Ziegler
33%
ServetteSuisse / TogoRoggerio Nyakossi
33%
SionSuisseSandro Theler
33%
BâleEspagneSergio Lopez
33%
YBSuisseSilvan Hefti
33%
LausanneCroatieStjepan Kukuruzovic
33%
LausanneSuisseThomas Castella
33%
LausanneJaponToichi Suzuki
33%
YBSuisseUlisses Garcia
33%
St-GallEspagneVictor Ruiz
33%
YBSuisseVincent Sierro
33%
YBFranceWilfried Kanga
33%
GCPortugalAndré Moreira
30%
YBSuisseAnthony Racioppi
30%
SionBrésilBaltazar
30%
ZürichSlovénieBlaz Kramer
30%
LucerneSerbieDejan Sorgic
30%
YBSuisseEdimilson Fernandes
30%
GCAlbanieErmir Lenjani
30%
GCJaponHayao Kawabe
30%
LucerneSénégalIbrahima Ndiaye
30%
BâlePortugalJoelson Fernandes
30%
St-GallSuisseKwadwo Duah
30%
YBSuisseLewin Blum
30%
SionSuisseLuca Zuffi
30%
St-GallAllemagneLukas Görtler
30%
YBCongoMeschack Elia
30%
YBSerbieMiralem Sulejmani
30%
LuganoAlgérieMohamed El Amine Amoura
30%
YBCamerounNicolas Moumie Ngamaleu
30%
LuganoSuisseOlivier Custodio
30%
ZürichCôte d'IvoireOusmane Doumbia
30%
LausanneUruguayRodrigo Pollero
30%
LucerneSuisseSamuele Campo
30%
SionCôte d'IvoireSerey Dié
30%
LausanneSuisseSimone Grippo
30%
LausanneMarocSofiane Alakouch
30%
LausanneAngleterreTrae Coyle
30%
SionCap-VertVagner Dias
30%
LucerneAllemagneVarol Tasar
30%
ZürichEspagneAdria Guerrero
27%
LausanneFranceAdrien Trebel
27%
SionKosovoArian Kabashi
27%
GCHongrieBendeguz Bolla
27%
BâleSuisseDarian Males
27%
YBSuisseFelix Mambimbi
27%
LucerneSuisseFilip Ugrinic
27%
LausanneMarocFouad Chafik
27%
YBSuisseGuillaume Faivre
27%
LuganoUrugayJonathan Sabbatini
27%
YBFranceJordan Lefort
27%
St-GallSuisseJordi Quintillà
27%
LuganoSuisseKevin Ruegg
27%
BâleSuisseLiam Chipperfield
27%
SionSuisseLoris Benito
27%
GCSénégalMamadou Kaly Sene
27%
SionBrésilMarquinhos Cipriano
27%
LucerneRépublique TchèqueMartin Frydek
27%
LucerneAllemagneMarvin Schulz
27%
SionSuisseMatteo Tosetti
27%
St-GallPhilippinesMichael Kempter
27%
LuganoSuisseMijat Maric
27%
ZürichKosovoMirlind Kryeziu
27%
LucerneTunisieMohamed Dräger
27%
SionSuisseMusa Araz
27%
BâleBurkina FasoNasser Djiga
27%
BâleAllemagneNoah Katterbach
27%
LuganoSuisseNoam Baumann
27%
LucerneSuissePascal Schürpf
27%
LuganoSlovénieSandi Lovric
27%
YBSuisseSandro Lauper
27%
LucerneSuisseSilvan Sidler
27%
BâlePortugalTomas Tavares
27%
SionBrésilWesley
27%
GCAlbanieAmir Abrashi
23%
LausanneAngleterreArchie Brown
23%
LucernePortugalAsumah Abubakar
23%
LausanneCôte d'IvoireBrahima Ouattara
23%
LucerneAllemagneChristian Gentner
23%
GCSlovaquieChristian Herc
23%
SionSuisseDennis Iapichino
23%
BâleSuisseEray Cömert
23%
LuganoSuisseFabio Daprela
23%
ZürichKosovoFidan Aliti
23%
SionSuisseFilip Stojilkovic
23%
GCNigériaFrancis Momoh
23%
LausanneSuisse / FranceGabriel Bares
23%
SionSuisseGaetano Berardi
23%
GCSuisseGiotto Morandi
23%
LausanneCôte d'IvoireJean N'Guessan
23%
ZürichEstonieKarol Mets
23%
ServetteSuisseMalik Sawadogo
23%
LausanneSuisseMarvin Spielmann
23%
LuganoSuisseMickaël Facchinetti
23%
SionGuadeloupeNathanaël Saintini
23%
ZürichSerbieNikola Boranijasevic
23%
GCSuissePetar Pusic
23%
BâleItalieRaoul Petretta
23%
BâleSerbeStrahinja Pavlovic
23%
SionSuisseThéo Berdayes
23%
LuganoSlovénieZan Celar
23%
LausanneSuisseAbdou Karim Sow
20%
St-GallSuisseAlessio Besio
20%
GCSuisseAllan Arigoni
20%
ZürichCroatieAnte Coric
20%
St-GallSuisseBasil Stillhart
20%
St-GallKosovoBetim Fazliji
20%
LucerneAlbanieDenis Simani
20%
LausannePortugalDiogo Mendes
20%
SionCôte d'IvoireGiovanni Sio
20%
LucerneAllemagneHolger Badstuber
20%
St-GallSuisseJulian Von Moos
20%
YBHongrieKevin Varga
20%
GCBrésilLéo Bonatini
20%
LucerneAutricheMarko Kvasina
20%
St-GallCroatieMatej Maglica
20%
LausanneSuisseNassim Zoukit
20%
GCSuisseNoah Loosli
20%
ServetteSuissePapu Mendes
20%
LuganoNigériaSebastian Osigwe
20%
ZürichAllemagneAkaki Gogia
17%
GCPortugalAndre Ribeiro
17%
GCColombieBrayan Riascos
17%
St-GallAutricheFabian Schubert
17%
GCAutricheGeorg Margreitter
17%
LausanneFranceGoduine Koyalipou
17%
LuganoArgentineIgnacio Aliseda
17%
St-GallSuisseIsaac Schmidt
17%
SionSuisseJoel Schmied
17%
SionCôte d'IvoireKader Keita
17%
LuganoKosovoKreshnik Hajrizi
17%
ZürichAllemagneMarc Hornschuh
17%
LuganoArgentineMilton Valenzuela
17%
LausanneAllemagneMoritz Jenz
17%
St-GallMaliOusmane Diakité
17%
ServetteSuisseRicardo Azevedo
17%
LuganoSuisseStefano Guidotti
17%
St-GallFrance / Côte d'IvoireThody Elie Youan
17%
GCPortugalTomas Ribeiro
17%
ZürichBéninTosin Aiyegun
17%
GCPortugalToti Gomes
17%
LucerneSerbieVaso Vasic
17%
LuganoBrésilYuri
17%
SionBrésilAdryan
13%
ZürichSuisseBledian Krasniqi
13%
LausanneEspagneCameron Puertas Castro
13%
YBSénégalCheikh Niasse
13%
LausanneSuisseJoel Geissmann
13%
LucernePays-BasJordy Wehrmann
13%
YBSuisseLeandro Zbinden
13%
GCEquateurLeonardo Campana
13%
LucerneKosovoLorik Emini
13%
LuganoSuisseMaren Haile-Selassie
13%
GCSuisseMateo Matic
13%
LausanneFranceMaxen Kapo
13%
LausanneFranceMaxime Poundjé
13%
ZürichAllemagneMoritz Leitner
13%
St-GallGhanaMusah Nuhu
13%
St-GallSuisseNicolas Lüchinger
13%
YBSuisseNico Maier
13%
GCMacédoine du NordNikola Gjorgjev
13%
LuganoSuisseNikolas Muci
13%
St-GallSuissePatrick Sutter
13%
ZürichSuisseZivko Kostadinovic
13%
LuganoSuisseAdrian Durrer
10%
ServetteSuisseAlexandre Dias Patricio
10%
LausanneFranceAnge Nanizayamo
10%
YBSuisseAurele Amenda
10%
GCJaponAyumu Seko
10%
St-GallSuisseBoris Babic
10%
St-GallMaliBoubacar Traore
10%
GCFranceDjibril Diani
10%
ZürichSuisseFabian Rohner
10%
SionSuisseIvan Martic
10%
ZürichSuisseLindrit Kamberi
10%
LucerneSuisseLuca Jaquez
10%
LausanneSuisse / CamerounMarc Tsoungui
10%
GCSuisseNuno Filipe Da Silva
10%
LucerneAutrichePatrick Farkas
10%
St-GallBurkina FasoSalifou Diarrassouba
10%
ZürichTunisieSalim Khelifi
10%
GCKosovoShkelqim Demhasaj
10%
LucerneSuisseSimon Grether
10%
LausanneCôte d'IvoireTrazie Thomas Zai
10%
GCPortugalAndre Santos
7%
GCPortugalBruno Jordao
7%
GCSuisseDion Kacuri
7%
GCSuisseElmin Rastoder
7%
GCKosovoFlorian Hoxha
7%
LuganoFranceKevin Monzialo
7%
ServetteSuisseLois Ndema Mbongué
7%
LuganoTunisieMohamed Haj Mahmoud
7%
LucerneSerbieNikola Cumic
7%
GCCorée du SudSangbin Jeong
7%
ZürichSuisseStephan Seiler
7%
St-GallSuisseTim Staubli
7%
LucerneAllemagneTsiy William Ndenge
7%
LucerneCamerounYvan Alounga
7%
GCYougoslavieAleksandar Cvetkovic
3%
LuganoItalieAlessandro Casciato
3%
St-GallSuisseChristian Witzig
3%
LucerneKosovoDavid Domgjoni
3%
GCSuisseFabio Fehr
3%
GCSuisseFelipe de Carvalho Ferreira
3%
SionSuisseLéo Lacroix
3%
LuganoBosnieLeonid Srdic
3%
YBSuisseNicolas Bürgy
3%
LucerneSuisseSeverin Ottiger
3%
ZürichSuisseSilvan Wallner
3%
GCSuisseSimone Stroscio
3%
LuganoSuisseZoran Josipovic
3%
St-GallSuisseDavid Jacovic
0%
SionCamerounGuy Christian Zock Abep
0%
St-GallAllemagneLeonhard Munst
0%
LuganoBrésilLuis Phelipe
0%
LuganoItalieMattia Cinquini
0%
LuganoBosnieMiroslav Covilo
0%
LucerneSuisseNoah Rupp
0%
ZürichSuisseSelmin Hodza
0%

Distribution des résultats

Percentile par nombre de réponses

% des personnes avec chaque résultat

Votre développement - résultats

Vous n’avez pas pris ce quiz